[Event "II. Budapest Open"]
[Site ", "]
[Date "2012.08.19"]
[Round "2"]
[White "Palla, Akos Botond"]
[Black "To, Nhat Minh"]
[Result "0-1"]
[WhiteElo "2014"]
[BlackElo "2287"]
[PlyCount "72"]
[EventDate "2012.??.??"]

1. e4 e6 2. d4 d5 3. Nc3 Bb4 4. e5 b6 5. Nf3 Qd7 6. Bd2 Ne7 7. a3 Bxc3 8. Bxc3
c5 9. Bd3 Ba6 10. O-O Bxd3 11. Qxd3 Nbc6 12. b3 Nf5 13. Rfe1 Rc8 14. Rac1 h5
15. Bb2 c4 16. bxc4 dxc4 17. Qxc4 Ncxd4 18. Qd3 Nxf3+ 19. Qxf3 Qc6 20. Qf4 O-O
21. h3 Qc4 22. Re4 Qa2 23. Rb4 Qd5 24. Qg5 Rxc2 25. Qxh5 Rxc1+ 26. Bxc1 Qxe5
27. g4 a5 28. Rxb6 Qe1+ 29. Kg2 Qe4+ 30. Kg1 Ng3 31. fxg3 Qe1+ 32. Kg2 Qe2+ 33.
Kg1 Rd8 34. Bd2 Qd1+ 35. Kf2 Qxd2+ 36. Kf1 Qd1+ 0-1

[Event "II. Budapest Open"]
[Site ", "]
[Date "2012.08.19"]
[Round "2"]
[White "Koczo, Kristof"]
[Black "Zoldy, Robert"]
[Result "1/2-1/2"]
[WhiteElo "2233"]
[BlackElo "1990"]
[PlyCount "111"]
[EventDate "2012.??.??"]

1. d4 d5 2. c4 e6 3. Nc3 Be7 4. Nf3 Nf6 5. Bg5 h6 6. Bh4 O-O 7. e3 b6 8. cxd5
Nxd5 9. Bxe7 Qxe7 10. Nxd5 exd5 11. Rc1 Be6 12. Qa4 c5 13. Qa3 Rc8 14. Be2 a5
15. O-O Na6 16. Bxa6 Rxa6 17. Rc3 Ra7 18. dxc5 bxc5 19. Rfc1 c4 20. Qxe7 Rxe7
21. Nd4 Rb7 22. b3 a4 23. Kf1 Kf8 24. Ke1 Rbc7 25. Kd2 axb3 26. axb3 Ke7 27.
bxc4 dxc4 28. Ra3 Rb8 29. Kc3 Bd7 30. Rca1 Rbb7 31. Ra8 g6 32. h4 Bc6 33. g3
Be4 34. Rh8 h5 35. f3 Bd3 36. g4 hxg4 37. fxg4 Kf6 38. Ra6+ Kg7 39. Raa8 Kf6
40. g5+ Ke7 41. Rhe8+ Kd6 42. e4 Re7 43. Rad8+ Red7 44. Rc8 Rdc7 45. Rxc7 Kxc7
46. Re7+ Kc8 47. Rxb7 Kxb7 48. e5 Kb6 49. Kb4 Kc7 50. Nb5+ Kd7 51. Kc3 Ke6 52.
Kd4 Bf1 53. Nc3 Bd3 54. Nd5 Kf5 55. Nf6 Ke6 56. Ng8 1/2-1/2

[Event "II. Budapest Open"]
[Site ", "]
[Date "2012.08.19"]
[Round "2"]
[White "Ruck, Robert"]
[Black "Szepes, Tamas"]
[Result "0-1"]
[WhiteElo "2009"]
[BlackElo "2227"]
[PlyCount "50"]
[EventDate "2012.??.??"]

1. e4 e5 2. Nf3 Nc6 3. Bc4 Nf6 4. Ng5 d5 5. exd5 Na5 6. Bb5+ c6 7. dxc6 bxc6 8.
Qf3 h6 9. Ne4 Nd5 10. Nbc3 Be6 11. Nxd5 Bxd5 12. Bd3 Qd7 13. Qg3 f5 14. Qg6+
Bf7 15. Nf6+ gxf6 16. Qxf6 Rg8 17. Qxe5+ Qe7 18. Qxe7+ Bxe7 19. O-O Bd5 20. f3
Rg5 21. b3 Bf6 22. Rb1 Kf7 23. c4 Rag8 24. cxd5 Rxg2+ 25. Kh1 Be5 0-1

[Event "II. Budapest Open"]
[Site ", "]
[Date "2012.08.19"]
[Round "2"]
[White "Jacso, Adam"]
[Black "Kozma, Gabor"]
[Result "1-0"]
[WhiteElo "2224"]
[BlackElo "1959"]
[PlyCount "80"]
[EventDate "2012.??.??"]

1. d4 Nf6 2. c4 e6 3. Nc3 Bb4 4. e3 c5 5. Bd3 O-O 6. Nf3 d5 7. O-O Nc6 8. a3
Bxc3 9. bxc3 dxc4 10. Bxc4 Qa5 11. Qc2 b6 12. e4 cxd4 13. cxd4 Bb7 14. e5 Nxd4
15. Nxd4 Qxe5 16. Bb2 Qg5 17. f3 Rac8 18. Qe2 Kh8 19. Nb3 Nh5 20. Bc1 Qh4 21.
Bd3 Rc3 22. Rb1 Bd5 23. Bc2 Rfc8 24. Na1 Ba2 25. Rb4 Qe7 26. Bb2 Qc5+ 27. Rf2
Re3 28. Qd2 e5 29. Bf5 Re8 30. Nc2 Rb3 31. Rxb3 Bxb3 32. Qc3 Qxc3 33. Bxc3 g6
34. Be4 Nf4 35. Nb4 f6 36. Rd2 Rc8 37. Bb2 a5 38. Nc6 Kg7 39. Nxe5 Kh6 40. Ng4+
Kh5 1-0

[Event "II. Budapest Open"]
[Site ", "]
[Date "2012.08.19"]
[Round "2"]
[White "Carvajal Gorgona, Jonathan"]
[Black "Bellan, Istvan"]
[Result "1-0"]
[WhiteElo "2153"]
[BlackElo "1938"]
[PlyCount "73"]
[EventDate "2012.??.??"]

1. d4 Nf6 2. c4 g6 3. Nc3 Bg7 4. e4 d6 5. Nf3 O-O 6. Be2 Nc6 7. d5 Ne5 8. Nxe5
dxe5 9. Be3 b6 10. O-O Bb7 11. Qb3 c5 12. Bxc5 Bxd5 13. Bxe7 Qxe7 14. cxd5 Rfd8
15. a4 Bh6 16. Rfd1 Nd7 17. Bb5 Nc5 18. Qc2 a5 19. Na2 Qh4 20. Re1 Bf8 21. b4
axb4 22. Nxb4 Rd6 23. g3 Qg5 24. Nc6 Nd7 25. Kg2 h5 26. h4 Qh6 27. a5 bxa5 28.
Nxa5 Nb6 29. Bc6 Ra7 30. Qb3 Nc8 31. Qb8 Rd8 32. Nb7 Qd2 33. Nxd8 Bc5 34. Qxc8
Qxf2+ 35. Kh3 Rxa1 36. Rxa1 Be7 37. Nxf7+ 1-0

[Event "II. Budapest Open"]
[Site ", "]
[Date "2012.08.19"]
[Round "2"]
[White "Kumala, Aleksander"]
[Black "Resika, Nathan A"]
[Result "0-1"]
[WhiteElo "1963"]
[BlackElo "2149"]
[PlyCount "108"]
[EventDate "2012.??.??"]

1. e4 g6 2. h4 d5 3. exd5 Nf6 4. d4 Qxd5 5. Nc3 Qa5 6. Bc4 Bg7 7. Nf3 Bg4 8.
Bd2 Qh5 9. Nb5 Na6 10. Qe2 O-O 11. O-O-O c6 12. Nc3 b5 13. Bd3 Nb4 14. Ne4
Nxd3+ 15. Qxd3 Nxe4 16. Qxe4 Bxf3 17. gxf3 Qd5 18. Qxd5 cxd5 19. Bb4 Rfe8 20.
c3 h5 21. Rde1 Bf6 22. f4 a5 23. Bc5 e6 24. a3 Bg7 25. Kd2 Bh6 26. Ke3 Ra6 27.
Kf3 Rc8 28. Ra1 Bf8 29. b4 axb4 30. axb4 Rca8 31. Rxa6 Rxa6 32. Bxf8 Kxf8 33.
Rc1 Ra2 34. Rb1 Ke7 35. Rc1 Kf6 36. Rb1 Kf5 37. Rc1 Ra3 38. Ke3 Ra2 39. Kf3 Ra3
40. Ke3 Kg4 41. f3+ Kxh4 42. f5 Kg5 43. fxe6 fxe6 44. Kf2 Kf4 45. Re1 Ra2+ 46.
Kg1 Kg3 47. f4 Ra6 48. Rf1 h4 49. Kh1 Ra2 50. Re1 Kxf4 51. Rxe6 g5 52. Re5 g4
53. Kg1 Ra1+ 54. Kg2 h3+ 0-1

[Event "II. Budapest Open"]
[Site ", "]
[Date "2012.08.19"]
[Round "2"]
[White "Gubics, Peter"]
[Black "Terbe, Julianna"]
[Result "1-0"]
[WhiteElo "2149"]
[BlackElo "1895"]
[PlyCount "151"]
[EventDate "2012.??.??"]

1. Nf3 e6 2. c4 b6 3. g3 Bb7 4. Bg2 f5 5. d3 Nf6 6. O-O Be7 7. Bd2 O-O 8. Bc3
Nc6 9. Nbd2 Qe8 10. a3 Qg6 11. b4 a5 12. Qb3 axb4 13. axb4 Nh5 14. b5 Rxa1 15.
Rxa1 Nd8 16. Ra7 Bxf3 17. Nxf3 Bd6 18. Be5 Nf7 19. Bxd6 Nxd6 20. Ne5 Qe8 21.
Rxc7 Nf6 22. Ra7 Qb8 23. Ra8 Qc7 24. Qa3 Rxa8 25. Qxa8+ Nc8 26. d4 d6 27. Nc6
Kf7 28. h3 Nd7 29. e3 Nf6 30. Qb8 Qxb8 31. Nxb8 Ke7 32. Kf1 Kd8 33. Ke2 Kc7 34.
Na6+ Kd8 35. Kd3 Nd7 36. Bc6 Na7 37. Bb7 Ke7 38. Kc3 d5 39. Nb4 Kd6 40. Bc6
dxc4 41. Kxc4 Nb8 42. Bg2 Nd7 43. Nd3 Nf6 44. Ne5 Nd5 45. h4 Nc7 46. Bc6 Nc8
47. Nd3 Ne7 48. Bb7 Ned5 49. Bxd5 Nxd5 50. Nb2 Nf6 51. Kd3 Ne4 52. Nd1 Nf6 53.
Nc3 Nd7 54. f3 e5 55. f4 exd4 56. exd4 Nf6 57. Kc4 Nh5 58. Nd5 Nxg3 59. Nxb6
Ne2 60. Nd5 g6 61. b6 Kc6 62. Kd3 Nc1+ 63. Ke3 Nb3 64. Nf6 Na5 65. Nxh7 Nc4+
66. Kd3 Nxb6 67. Nf8 Nd5 68. Nxg6 Kd6 69. h5 Ke6 70. h6 Nf6 71. Kc4 Kf7 72.
Ne5+ Kg8 73. d5 Ne4 74. Kb5 Kh7 75. Kc6 Kxh6 76. d6 1-0

[Event "II. Budapest Open"]
[Site ", "]
[Date "2012.08.19"]
[Round "2"]
[White "Orosz, Andras"]
[Black "Halak, Miklos"]
[Result "1-0"]
[WhiteElo "1948"]
[BlackElo "2137"]
[PlyCount "77"]
[EventDate "2012.??.??"]

1. e4 e5 2. Nf3 Nc6 3. Bc4 d6 4. O-O Be7 5. d4 exd4 6. Nxd4 Nf6 7. Nc3 O-O 8.
h3 Nxd4 9. Qxd4 Nd7 10. Be3 Nb6 11. Be2 f5 12. f3 f4 13. Bf2 Bf6 14. Qd2 Qe8
15. Bxb6 axb6 16. Bc4+ Kh8 17. Nd5 Bd8 18. Rae1 b5 19. Bb3 c6 20. Nc3 Qg6 21.
Kh1 Bh4 22. Rd1 Be7 23. Ne2 Qg5 24. g4 fxg3 25. Qxg5 Bxg5 26. Kg2 Rf6 27. f4
Bh4 28. e5 Rh6 29. Rxd6 Rxd6 30. exd6 Bd7 31. f5 Re8 32. Be6 g5 33. Nxg3 Rd8
34. Ne4 b6 35. Nf6 Bc8 36. Bxc8 Rxc8 37. d7 Rd8 38. Rd1 Kg7 39. Ng4 1-0

[Event "II. Budapest Open"]
[Site ", "]
[Date "2012.08.19"]
[Round "2"]
[White "Farkas, Richard"]
[Black "Toth-Katona, Tamas"]
[Result "1-0"]
[WhiteElo "2116"]
[BlackElo "1859"]
[PlyCount "75"]
[EventDate "2012.??.??"]

1. d4 Nf6 2. c4 e6 3. Nf3 b6 4. Nc3 Bb7 5. e3 Be7 6. Bd3 O-O 7. O-O d5 8. Qc2
h6 9. cxd5 Nxd5 10. a3 c5 11. dxc5 Bxc5 12. Rd1 Qc8 13. Bd2 Nd7 14. Nxd5 Bxd5
15. Bc3 Rd8 16. Rac1 Bf8 17. b4 a5 18. e4 Bc4 19. Bxg7 Bxd3 20. Qxd3 Qxc1 21.
Rxc1 Bxg7 22. Qe2 axb4 23. axb4 Bf8 24. Qb5 Nf6 25. Qc4 Ra4 26. Ne5 Rda8 27.
Nc6 Ra1 28. f3 b5 29. Qc3 Rxc1+ 30. Qxc1 Kg7 31. Qf1 Ra2 32. Qxb5 Rb2 33. h3
Rb1+ 34. Kf2 Rb2+ 35. Kg3 Rb1 36. h4 Rb2 37. Kh2 h5 38. Qg5+ 1-0

[Event "II. Budapest Open"]
[Site ", "]
[Date "2012.08.19"]
[Round "2"]
[White "Lakat, Gyula"]
[Black "Nagy, Aron"]
[Result "0-1"]
[WhiteElo "1896"]
[BlackElo "2091"]
[PlyCount "86"]
[EventDate "2012.??.??"]

1. d4 d5 2. c4 c6 3. Nf3 Nf6 4. e3 Bf5 5. Nc3 a6 6. Bd3 Bg6 7. O-O e6 8. Ne5
Nbd7 9. f4 Bxd3 10. Qxd3 Bb4 11. cxd5 exd5 12. Ne2 O-O 13. a3 Be7 14. b4 Ne4
15. Nxd7 Qxd7 16. f5 Bd6 17. Bd2 Rfe8 18. Be1 Qe7 19. Rb1 Nf6 20. Rf3 Qe4 21.
Rb3 Qxd3 22. Rxd3 Ne4 23. Bg3 Nxg3 24. Nxg3 a5 25. bxa5 Rxa5 26. Rb3 b5 27. Rf1
Rxa3 28. Rxa3 Bxa3 29. Kf2 Rb8 30. Rb1 Bd6 31. Nf1 Kf8 32. g3 c5 33. dxc5 Bxc5
34. Ke2 Ke7 35. Kd3 Kd6 36. Nd2 b4 37. e4 dxe4+ 38. Nxe4+ Kd5 39. Ng5 h6 40.
Nh3 Bd6 41. Rb3 Ra8 42. Nf4+ Bxf4 43. gxf4 Ra3 0-1

[Event "II. Budapest Open"]
[Site ", "]
[Date "2012.08.19"]
[Round "2"]
[White "Kanarkiewicz, Michal"]
[Black "Romhanyi, Mihaly"]
[Result "1-0"]
[WhiteElo "2076"]
[BlackElo "1455"]
[PlyCount "47"]
[EventDate "2012.??.??"]

1. e4 d6 2. d4 c5 3. Nf3 g6 4. dxc5 Qa5+ 5. Nc3 Qxc5 6. Be3 Qa5 7. Bc4 Bg7 8.
O-O Nf6 9. Nd4 a6 10. Nd5 Nxe4 11. Nb3 Qd8 12. Bb6 Qd7 13. Nc7+ Kf8 14. Nxa8
Bxb2 15. Rb1 Be5 16. Qd5 Qf5 17. Rbe1 Ng5 18. f4 Be6 19. fxe5 Qxc2 20. Qd3 Qxd3
21. Bxd3 dxe5 22. Rxe5 Nd7 23. Rxg5 Nxb6 24. Nxb6 1-0

[Event "II. Budapest Open"]
[Site ", "]
[Date "2012.08.19"]
[Round "2"]
[White "Berta, Sandor"]
[Black "Yip, Michael"]
[Result "1/2-1/2"]
[WhiteElo "1891"]
[BlackElo "2072"]
[PlyCount "97"]
[EventDate "2012.??.??"]

1. e4 d6 2. d4 Nf6 3. Nc3 e5 4. Nf3 Nbd7 5. Bc4 Be7 6. O-O O-O 7. Re1 c6 8. a4
a5 9. b3 exd4 10. Qxd4 Nb6 11. Bf1 d5 12. exd5 Nfxd5 13. Nxd5 Nxd5 14. Bb2 Bf6
15. Ne5 Nb4 16. Qe4 Qd5 17. Bd3 Qxe4 18. Bxe4 Be6 19. Rad1 Rad8 20. f4 Rfe8 21.
Bd4 Bd5 22. Bb6 Ra8 23. c4 Bxe4 24. Rxe4 Bd8 25. Bxd8 Raxd8 26. Red4 Rxd4 27.
Rxd4 f6 28. Nf3 Re7 29. Kf2 Na6 30. Rd8+ Kf7 31. Nd4 g6 32. Ra8 Re4 33. Nxc6
Nc5 34. Nxa5 Rxf4+ 35. Ke3 Rh4 36. h3 b6 37. Rc8 Re4+ 38. Kf3 Re5 39. Nc6 Rf5+
40. Ke3 Nxb3 41. Rc7+ Kf8 42. Rxh7 Rc5 43. Nb8 Rxc4 44. Nd7+ Kg8 45. Re7 Rc6
46. Re8+ Kf7 47. Rb8 Na5 48. Nxb6 Rc3+ 49. Kf2 1/2-1/2

[Event "II. Budapest Open"]
[Site ", "]
[Date "2012.08.19"]
[Round "2"]
[White "Mihaly, Zoltan"]
[Black "Bodrogi, Laszlo"]
[Result "1/2-1/2"]
[WhiteElo "1756"]
[BlackElo "2043"]
[PlyCount "141"]
[EventDate "2012.??.??"]

1. c4 e5 2. Nc3 Nf6 3. g3 Nc6 4. Bg2 Bb4 5. Nf3 O-O 6. O-O Bxc3 7. bxc3 e4 8.
Nd4 Ne5 9. c5 Qe7 10. a4 d6 11. cxd6 cxd6 12. Qc2 Nc6 13. Nb5 Bf5 14. Re1 a6
15. Na3 d5 16. Bb2 Rfe8 17. Kf1 Qd7 18. Kg1 Rac8 19. Qb3 Ne5 20. Nc2 Nc4 21.
Bc1 Bh3 22. Bh1 Qc7 23. Nd4 Nh5 24. Qd1 f5 25. d3 Ne5 26. Bd2 Qf7 27. dxe4 fxe4
28. f4 Rf8 29. Bg2 Bxg2 30. Kxg2 Ng4 31. e3 Nhf6 32. Nf5 Qd7 33. Nd4 Nh6 34. h3
Nf7 35. Qb3 Nd6 36. Rf1 Nc4 37. Ra2 Rc7 38. Rf2 Rfc8 39. Rc2 g6 40. g4 Qd6 41.
Qb4 Nd7 42. Qxd6 Nxd6 43. f5 Ne5 44. fxg6 hxg6 45. Rf6 Ndc4 46. Re6 Rf7 47. Bc1
Rcf8 48. Ra2 Nd3 49. Ba3 Rf2+ 50. Rxf2 Rxf2+ 51. Kg3 Nxa3 52. Rxg6+ Kh7 53. Rd6
Rf7 54. Rxd5 Nc4 55. Ne6 Rf3+ 56. Kh4 Kg6 57. Ng5 Rxe3 58. Nxe4 Rxh3+ 59. Kxh3
Nf4+ 60. Kg3 Nxd5 61. Nc5 Na5 62. c4 Nb6 63. Kf4 Nbxc4 64. Ke4 Nd2+ 65. Kd5
Nab3 66. Nxb7 Kg5 67. Kc6 Nc4 68. Nc5 Nca5+ 69. Kb6 Nxc5 70. Kxc5 Nb3+ 71. Kb4
1/2-1/2

[Event "II. Budapest Open"]
[Site ", "]
[Date "2012.08.19"]
[Round "2"]
[White "Di Giovanni, Vilmos"]
[Black "Takacs, Kevin"]
[Result "0-1"]
[WhiteElo "1838"]
[BlackElo "1909"]
[PlyCount "70"]
[EventDate "2012.??.??"]

1. d4 Nf6 2. Nf3 e6 3. e3 b6 4. Bd3 Bb7 5. b3 Be7 6. O-O O-O 7. Bb2 d5 8. Ne5
c5 9. f4 Nbd7 10. Rf3 c4 11. Be2 Qc7 12. Rh3 Rac8 13. Nc3 Nxe5 14. fxe5 Nd7 15.
bxc4 dxc4 16. Bf3 Rfd8 17. Bxb7 Qxb7 18. Qh5 Nf8 19. Rf1 Bb4 20. Rhf3 Rd7 21.
Qg4 Bxc3 22. Bxc3 a5 23. h4 h6 24. h5 Nh7 25. Rg3 Ng5 26. Rf4 Qc7 27. e4 Qd8
28. d5 exd5 29. Qf5 d4 30. Rxg5 hxg5 31. Rf1 dxc3 32. e6 fxe6 33. Qxe6+ Kh8 34.
Rf3 Rd1+ 35. Kh2 Qd6+ 0-1

[Event "II. Budapest Open"]
[Site ", "]
[Date "2012.08.19"]
[Round "2"]
[White "Csermely, Zoltan"]
[Black "Toth, Sarolta"]
[Result "0-1"]
[WhiteElo "1686"]
[BlackElo "2192"]
[PlyCount "118"]
[EventDate "2012.??.??"]

1. d4 d5 2. e3 Bf5 3. Bd3 e6 4. b3 Nf6 5. Nf3 Bg4 6. h3 Bh5 7. a3 Nbd7 8. Bb2
Bd6 9. g4 Bg6 10. Nbd2 Ne4 11. Nf1 Qf6 12. Qe2 e5 13. Bxe4 Bxe4 14. N1h2 O-O-O
15. c4 exd4 16. Bxd4 Ne5 17. Nxe5 Bxe5 18. Bxe5 Qxe5 19. O-O dxc4 20. Qxc4 Bd3
21. Qa4 Bxf1 22. Rxf1 Kb8 23. Nf3 Qd5 24. Nd4 h5 25. Rc1 a6 26. Qc4 Qxc4 27.
bxc4 c5 28. Nb3 b6 29. Rc3 hxg4 30. hxg4 Rd1+ 31. Kg2 Rhd8 32. Nc1 R8d2 33. e4
Kc7 34. Kf3 Rxc1 35. Rxc1 Rd3+ 36. Kf4 Rxa3 37. g5 g6 38. Ke5 Rf3 39. Rc2 Kc6
40. Rd2 b5 41. Rd6+ Kb7 42. cxb5 axb5 43. Rd2 b4 44. Kd5 Kb6 45. Kc4 Rc3+ 46.
Kd5 b3 47. Rb2 c4 48. f4 Rc2 49. Rb1 b2 50. f5 c3 51. fxg6 fxg6 52. Rh1 Rd2+
53. Ke5 c2 54. Rh6 c1=Q 55. Rxg6+ Kc5 56. Rf6 b1=Q 57. Kf5 Rf2+ 58. Kg6 Qxe4+
59. Kf7 Qh7+ 0-1

[Event "II. Budapest Open"]
[Site ", "]
[Date "2012.08.19"]
[Round "2"]
[White "Kalmar, Karoly"]
[Black "Nebenfuhrer, Gyorgy"]
[Result "1-0"]
[WhiteElo "1920"]
[BlackElo "1689"]
[PlyCount "161"]
[EventDate "2012.??.??"]

1. e4 e5 2. Nf3 d6 3. Be2 Nf6 4. d3 Nc6 5. c3 Be7 6. O-O O-O 7. Qc2 h6 8. Nbd2
Be6 9. b4 a6 10. a3 Nh7 11. Bb2 f5 12. Rad1 fxe4 13. dxe4 Qe8 14. c4 Qg6 15.
Kh1 Ng5 16. Nxg5 Bxg5 17. Qd3 Rad8 18. Nf3 Be7 19. Ne1 Rf4 20. Bc1 Rff8 21. Nc2
Bg4 22. Bxg4 Qxg4 23. Ne3 Qh4 24. f3 Bg5 25. Nd5 Rf7 26. b5 Nd4 27. f4 Bf6 28.
Be3 c6 29. Nxf6+ Rxf6 30. g3 Qh3 31. Bxd4 exd4 32. Qxd4 Rg6 33. Qd3 axb5 34.
cxb5 cxb5 35. Qd5+ Kh8 36. Rg1 Ra8 37. Rd3 b4 38. Qxb7 Rc8 39. Qxb4 Rc2 40. Rd2
Rc8 41. Qb3 Qg4 42. Rf2 h5 43. Qd1 Qh3 44. Qf1 Qe6 45. Qg2 Qb3 46. Qf3 Qb5 47.
e5 dxe5 48. Qxh5+ Rh6 49. Qxe5 Qxe5 50. fxe5 Rc3 51. Re2 Re6 52. Ra1 Rc5 53.
Rae1 g5 54. Re4 Kg7 55. Kg2 Kg6 56. a4 Rc2+ 57. R1e2 Rc5 58. h3 Rc8 59. Rd4 Ra8
60. Kf3 Rf8+ 61. Ke4 Ra6 62. Rc2 Kh5 63. Rc5 Rf1 64. Kd5 Ra8 65. Rc6 Rd8+ 66.
Rd6 Re8 67. g4+ Kh4 68. Rd3 Rh8 69. a5 Rh1 70. Ke6 Rxh3 71. Rxh3+ Kxh3 72. Kf5
Re8 73. a6 Kh4 74. a7 Rf8+ 75. Rf6 Rc8 76. Rh6+ Kg3 77. Kxg5 Re8 78. Kf5 Rf8+
79. Rf6 Ra8 80. Ra6 Kh4 81. e6 1-0

[Event "II. Budapest Open"]
[Site ", "]
[Date "2012.08.19"]
[Round "2"]
[White "Zahonyi Abel, Mark"]
[Black "Kanalas, Mihaly"]
[Result "0-1"]
[WhiteElo "1815"]
[BlackElo "1668"]
[PlyCount "88"]
[EventDate "2012.??.??"]

1. e4 c5 2. Nf3 d6 3. d4 cxd4 4. Nxd4 a6 5. Nc3 Nf6 6. Bg5 e6 7. Qd2 Be7 8.
O-O-O O-O 9. f4 e5 10. Nf3 exf4 11. Bxf4 Ne8 12. Nd5 Nc6 13. Nxe7+ Qxe7 14.
Bxd6 Nxd6 15. Qxd6 Qxe4 16. Bd3 Qg4 17. Rd2 Be6 18. h3 Qa4 19. a3 Rfd8 20. Qc5
Qf4 21. Kb1 g6 22. Qg5 Qc7 23. Rhd1 Rd5 24. Qf6 Rad8 25. Qc3 Qd6 26. Be4 Rxd2
27. Rxd2 Qe7 28. Bxc6 Rc8 29. Ne5 f6 30. Re2 fxe5 31. Qxe5 Rxc6 32. Qb8+ Kg7
33. Qe5+ Qf6 34. Qe3 Qf1+ 35. Re1 Qxg2 36. Qd4+ Kf7 37. Qf4+ Kg8 38. Qe4 Qxe4
39. Rxe4 Bf5 40. Rb4 Rxc2 41. Ka2 b5 42. h4 Be6+ 43. Kb1 Rc4 44. Rb3 Rxh4 0-1

[Event "II. Budapest Open"]
[Site ", "]
[Date "2012.08.19"]
[Round "2"]
[White "Szonyi, Bence"]
[Black "Czegledi, Barna Jr"]
[Result "1/2-1/2"]
[WhiteElo "1614"]
[BlackElo "1799"]
[PlyCount "57"]
[EventDate "2012.??.??"]

1. e4 c5 2. Nf3 Nc6 3. c3 d5 4. exd5 Qxd5 5. d4 Bg4 6. Be2 cxd4 7. cxd4 e6 8.
O-O Nf6 9. Nc3 Qd6 10. Be3 Be7 11. Nb5 Qd8 12. Ne5 Bxe2 13. Qxe2 O-O 14. Rac1
Nb4 15. a3 Nbd5 16. Nc3 Rc8 17. Nxd5 Qxd5 18. Rxc8 Rxc8 19. Nf3 Qc4 20. Qxc4
Rxc4 21. Rc1 Rxc1+ 22. Bxc1 Nd5 23. Kf1 f6 24. Ke2 Kf7 25. Kd3 Ke8 26. Be3 Kd7
27. Nd2 Bd6 28. h3 Kc6 29. Ne4 1/2-1/2

[Event "II. Budapest Open"]
[Site ", "]
[Date "2012.08.19"]
[Round "2"]
[White "Novak, Levente Peter"]
[Black "Szurkos, Andras"]
[Result "1/2-1/2"]
[WhiteElo "1563"]
[BlackElo "1783"]
[PlyCount "39"]
[EventDate "2012.??.??"]

1. e4 e5 2. Nf3 Nc6 3. Nc3 Nf6 4. Bb5 d6 5. d3 Bd7 6. Bg5 Be7 7. O-O O-O 8. Qd2
a6 9. Ba4 Bg4 10. Qe3 Bxf3 11. Qxf3 Nd4 12. Qd1 Nxe4 13. Bxe7 Nxc3 14. bxc3
Qxe7 15. cxd4 exd4 16. Re1 Qg5 17. Qf3 c6 18. h3 Qc5 19. Bb3 a5 20. a4 1/2-1/2

[Event "II. Budapest Open"]
[Site ", "]
[Date "2012.08.19"]
[Round "2"]
[White "Mihajlova, Diana"]
[Black "Balla, Attila"]
[Result "0-1"]
[WhiteElo "1482"]
[BlackElo "1749"]
[PlyCount "70"]
[EventDate "2012.??.??"]

1. d4 Nf6 2. Bg5 e6 3. e4 d5 4. e5 h6 5. Bh4 g5 6. exf6 gxh4 7. Qf3 Nd7 8. Bb5
c6 9. Bd3 Qxf6 10. Qe3 Bg7 11. Nf3 e5 12. dxe5 Nxe5 13. Be2 O-O 14. Nc3 Re8 15.
O-O-O Bg4 16. Qc5 Nxf3 17. gxf3 Rxe2 18. Rhg1 Bxf3 19. Rxg7+ Kxg7 20. Nxe2 Bxe2
21. Rg1+ Kh7 22. Qe3 Bh5 23. Rf1 d4 24. Qd3+ Bg6 25. Qb3 Qf4+ 26. Kb1 Re8 27.
a3 Re2 28. Ka2 Rxc2 29. Qxb7 Rc1 30. Rxc1 Qxc1 31. a4 Bb1+ 32. Ka3 Qc5+ 33. Kb3
Bc2+ 34. Ka2 Qc4+ 35. Ka3 Qxa4# 0-1

[Event "II. Budapest Open"]
[Site ", "]
[Date "2012.08.19"]
[Round "2"]
[White "Terbe, Zsuzsanna"]
[Black "Devald, Peter"]
[Result "1/2-1/2"]
[WhiteElo "1748"]
[BlackElo "1563"]
[PlyCount "120"]
[EventDate "2012.??.??"]

1. c4 c5 2. g3 g6 3. Bg2 Bg7 4. e3 Nf6 5. Nc3 O-O 6. Nge2 d6 7. O-O Nc6 8. d3
Rb8 9. Rb1 Bf5 10. a3 Qd7 11. Re1 Ne5 12. e4 Bg4 13. Rf1 Bf3 14. Bf4 Bxg2 15.
Kxg2 Nc6 16. b4 b6 17. Qd2 Qg4 18. Bh6 Ne5 19. f3 Qh5 20. Bxg7 Kxg7 21. Nf4 Qh6
22. Rfd1 Nh5 23. Nxh5+ Qxh5 24. Qe3 Qh6 25. Qxh6+ Kxh6 26. Nd5 e6 27. Ne3 a5
28. d4 Nc6 29. dxc5 dxc5 30. Rd6 Nd4 31. bxc5 bxc5 32. Rdb6 Ra8 33. Rb7 Kg7 34.
Rc7 Rfc8 35. Rbb7 Rxc7 36. Rxc7 Nb3 37. Ng4 Rd8 38. Ne5 Rd2+ 39. Kh3 Ra2 40.
Nxf7 Rxa3 41. Ng5+ Kg8 42. Nxe6 Ra4 43. Rg7+ Kh8 44. Rc7 Kg8 45. Nxc5 Rxc4 46.
Ne6 Rxc7 47. Nxc7 a4 48. Nb5 Nd2 49. Kg4 Nb1 50. Nd4 Na3 51. Kf4 Nc4 52. Nc2 a3
53. Nb4 Kg7 54. e5 h6 55. h4 Kf7 56. Ke4 Ke6 57. f4 Nd2+ 58. Ke3 Nf1+ 59. Kf2
Nd2 60. Ke2 Ne4 1/2-1/2

[Event "II. Budapest Open"]
[Site ", "]
[Date "2012.08.19"]
[Round "2"]
[White "Karacsonyi, Gellert"]
[Black "Zsatkovics, Endre"]
[Result "0-1"]
[WhiteElo "1461"]
[BlackElo "1740"]
[PlyCount "96"]
[EventDate "2012.??.??"]

1. e4 e5 2. Nf3 Nc6 3. Bb5 a6 4. Bxc6 dxc6 5. O-O Bg4 6. h3 h5 7. d3 Qf6 8.
Nbd2 Bd6 9. Re1 Bc5 10. Nc4 Bd6 11. hxg4 hxg4 12. Nxd6+ cxd6 13. Ng5 Qh6 14.
Kf1 Qh5 15. g3 f6 16. Ne6 Kf7 17. c3 Qh1+ 18. Ke2 Qf3+ 19. Kd2 Qxd1+ 20. Kxd1
Kxe6 21. Be3 Ne7 22. Kc2 Rh2 23. Kb3 g6 24. Kb4 a5+ 25. Ka3 b5 26. d4 f5 27.
dxe5 dxe5 28. exf5+ gxf5 29. Rad1 Nd5 30. Bd4 e4 31. Rh1 Rxh1 32. Rxh1 Ne7 33.
Rh6+ Kd5 34. Rh7 Re8 35. Bb6 a4 36. Kb4 Ng6 37. Rd7+ Ke6 38. Rd4 Ne5 39. Kc5
Rc8 40. Rd6+ Ke7 41. Rd2 Nd7+ 42. Rxd7+ Kxd7 43. Kd4 Ke6 44. Ba5 c5+ 45. Ke3
Kd5 46. b3 Ra8 47. b4 cxb4 48. cxb4 Rc8 0-1

[Event "II. Budapest Open"]
[Site ", "]
[Date "2012.08.19"]
[Round "2"]
[White "Szlenka, Attila"]
[Black "B. Kiss, Tamas"]
[Result "1-0"]
[WhiteElo "1736"]
[BlackElo "1526"]
[PlyCount "71"]
[EventDate "2012.??.??"]

1. Nf3 e6 2. g3 d5 3. Bg2 Bd6 4. O-O Ne7 5. d3 O-O 6. c4 c5 7. Nc3 Nbc6 8. Bg5
dxc4 9. dxc4 Bc7 10. Ne4 Qxd1 11. Rfxd1 f6 12. Be3 b6 13. Rd2 Nf5 14. Rd3 Nb4
15. Rd2 Nxe3 16. fxe3 Bb7 17. Nd6 Bxf3 18. Bxf3 Rad8 19. Rad1 Nxa2 20. Nb5 Rxd2
21. Rxd2 Rd8 22. Rxd8+ Bxd8 23. Nxa7 f5 24. Nc6 Bf6 25. b3 g5 26. g4 Kf7 27.
Kf2 Kg6 28. e4 Nc1 29. b4 fxg4 30. Bxg4 Kf7 31. Bh5+ Kg7 32. b5 Nb3 33. e5 Bxe5
34. Nxe5 Na5 35. Bg4 Kf6 36. Nd7+ 1-0

[Event "II. Budapest Open"]
[Site ", "]
[Date "2012.08.19"]
[Round "2"]
[White "Bolgar, Janka"]
[Black "Furedi, Erik"]
[Result "0-1"]
[WhiteElo "1398"]
[BlackElo "1732"]
[PlyCount "142"]
[EventDate "2012.??.??"]

1. e4 e5 2. Nf3 Nc6 3. Bc4 Be7 4. Nc3 Nf6 5. d3 d6 6. h3 h6 7. O-O O-O 8. Be3
Na5 9. Bd5 c6 10. Bb3 Nxb3 11. axb3 a6 12. Na4 b5 13. Nb6 Rb8 14. Nxc8 Qxc8 15.
Qd2 Nh7 16. d4 Bf6 17. dxe5 dxe5 18. Qc3 Re8 19. Bc5 Ra8 20. Bd6 Qe6 21. Rfd1
Rec8 22. Nxe5 Ng5 23. f3 Rd8 24. Qc5 Bxe5 25. Qxe5 Qxe5 26. Bxe5 Rxd1+ 27. Rxd1
Ne6 28. Rd6 Rc8 29. Rd7 Rd8 30. Rxd8+ Nxd8 31. Kf2 Nb7 32. Ke3 f6 33. Bc3 Kf7
34. e5 fxe5 35. Bxe5 g6 36. g4 Ke6 37. Bg7 h5 38. gxh5 gxh5 39. Ke4 Kf7 40. Bd4
Ke6 41. Kf4 Nd6 42. Kg5 h4 43. Kxh4 Nf5+ 44. Kg4 Nxd4 45. h4 Nxc2 46. Kg5 Kf7
47. f4 Ne3 48. h5 Nd5 49. f5 Nf6 50. h6 a5 51. Kf4 Nd7 52. Ke4 Kf6 53. Kd4 Kf7
54. Kc3 b4+ 55. Kd3 Kg8 56. Ke4 Kh7 57. Kf4 Kxh6 58. Ke4 Kg7 59. Kf4 Kf6 60.
Ke4 Nc5+ 61. Kf4 Nxb3 62. Ke4 a4 63. Kd3 Kxf5 64. Kc4 c5 65. Kd3 a3 66. bxa3
bxa3 67. Kc4 Nc1 68. Kxc5 a2 69. Kd5 a1=Q 70. Kd6 Qd4+ 71. Kc6 Nd3 0-1

[Event "II. Budapest Open"]
[Site ", "]
[Date "2012.08.19"]
[Round "2"]
[White "Schatzer, Andras"]
[Black "Devald, Tamas"]
[Result "1-0"]
[WhiteElo "1729"]
[BlackElo "1422"]
[PlyCount "69"]
[EventDate "2012.??.??"]

1. e4 c5 2. c3 Nc6 3. d4 cxd4 4. cxd4 d5 5. e5 e6 6. a3 Qb6 7. Nf3 Qd8 8. Bd3
Bd7 9. Nc3 h6 10. O-O Be7 11. Be3 Rc8 12. Ne1 Bg5 13. f4 Be7 14. Qg4 Bf8 15. f5
a6 16. Nf3 exf5 17. Bxf5 Bxf5 18. Qxf5 Nce7 19. Qh3 Qc7 20. Qg3 Nf5 21. Qf2 g6
22. Rae1 Bg7 23. Bd2 h5 24. Ng5 Qd8 25. Kh1 Ngh6 26. e6 O-O 27. exf7+ Nxf7 28.
Ne6 Qd7 29. Nxf8 Rxf8 30. Qf3 Nh4 31. Qxd5 Qg4 32. Rf4 Qg5 33. Qxg5 Nxg5 34.
Rxf8+ Kxf8 35. Bxg5 1-0